000
00195nam a2200085Ia 4500
008
120527s9999 xx 000 0 und d
100
_a
Pope, G. Harrison
245
_a
Psychology Astray
942
_c
BK
999
_c
27624
_d
27624